000 01084cam a2200301 a 4500
001 4853779
003 OSt
005 20140310182304.0
008 911202s1992 nyu j 000 1 eng
010 _a 91046022
020 _a0590442015 :
_c$13.95
040 _aDLC
_cDLC
_dDLC
042 _alcac
050 0 0 _aPZ 7
_b.H53497Mam 1992
082 0 0 _aFIC H53m
_b 1992
100 1 _aHigginsen, Vy.
_920685
245 1 0 _aMama, I want to sing /
_cVy Higginsen with Tonya Bolden.
260 _aNew York :
_bScholastic,
_cc1992.
300 _a183 p. ;
_c23 cm.
520 _aIn the late 1940s and early 1950s Doris Winter follows her dream to be a singer, eventually rising from church choir member to pop star.
650 1 _aSingers
_vFiction.
_920686
650 1 _aAfrican Americans
_vFiction.
_920687
700 1 _aBolden, Tonya.
_920688
906 _a7
_bcbc
_corignew
_d1
_eocip
_f19
_gy-gencatlg
942 _2lcc
_cBK-FIC
999 _c11586
_d11586